Kadra reprezentacji Serbii na Euro 2024 - Statystyki

Ogólne statystyki
  • Ten quiz został rozwiązany 110 razy
  • Średni wynik to 9 z 26
Statystyki odpowiedzi
Zawodnik Pozycja Klub % Poprawnych
Sergej Milinković-Savić Pomocnik Al-Hilal
92%
Vanja Milinković-Savić Bramkarz Torino
92%
Dušan Vlahović Napastnik Juventus
91%
Aleksandar Mitrović Napastnik Al-Hilal
76%
Luka Jović Napastnik AC Milan
66%
Filip Kostić Pomocnik Juventus
64%
Dušan Tadić Pomocnik Fenerbahçe
56%
Đorđe Petrović Bramkarz Chelsea
53%
Nemanja Gudelj Obrońca Sevilla
49%
Nikola Milenković Obrońca Fiorentina
47%
Predrag Rajković Bramkarz Mallorca
41%
Strahinja Pavlović Obrońca Red Bull Salzburg
28%
Filip Mladenović Obrońca Panathinaikos
24%
Saša Lukić Pomocnik Fulham
21%
Nemanja Maksimović Pomocnik Getafe
18%
Ivan Ilić Pomocnik Torino
17%
Lazar Samardžić Pomocnik Udinese
16%
Srđan Babić Obrońca Spartak Moskwa
11%
Petar Ratkov Napastnik Red Bull Salzburg
9%
Andrija Živković Pomocnik PAOK
8%
Miloš Veljković Obrońca Werder Brema
6%
Veljko Birmančević Pomocnik Sparta Praga
6%
Mijat Gaćinović Pomocnik AEK
3%
Nemanja Stojić Obrońca TSC Bačka Topola
3%
Srđan Mijailović Pomocnik Crvena zvezda
3%
Uroš Spajić Obrońca Crvena zvezda
3%
Nie znaleziono quizów pasujących do podanych kryteriów
Rozkład punktacji
Procent ludzi z każdym wynikiem
Percentyl według liczby udzielonych odpowiedzi
Twoja historia wyników
Nie rozwiązałeś tego quizu